000 00656nam a2200241Ia 4500
003 OSt
005 20220925231302.0
006 a|||||r|||| 00| 0
007 ta
008 220923b |||||||| |||| 00| 0 eng d
037 _cGeneral Book
040 _aRTL
_cRTL
_beng
041 _2eng
_aeng
082 _aX:93.211s, M3/GD
110 _aTamil Nadu
_9258411
245 0 _aStatement of posts and scales of pay
_bMadras
260 _aMadras
_bgovt press India
_c1983
490 _v1982-83
650 _aWages
_9229845
700 _aTamil Nadu
_9258412
942 _hX:93.211s, M3/GD
_cGB
_2CC
999 _c588000
_d588000